|
|
|
|
| LEADER |
00000naa2a2200000 4500 |
| 001 |
625511 |
| 005 |
20260316160824.0 |
| 035 |
|
|
|a (RuTPU)RU\TPU\conf\24771
|
| 035 |
|
|
|a RU\TPU\conf\24769
|
| 090 |
|
|
|a 625511
|
| 100 |
|
|
|a 20171214d2017 k y0rusy50 ca
|
| 101 |
0 |
|
|a rus
|
| 102 |
|
|
|a RU
|
| 105 |
|
|
|a y z 101zy
|
| 135 |
|
|
|a drcn ---uucaa
|
| 181 |
|
0 |
|a i
|
| 182 |
|
0 |
|a b
|
| 200 |
1 |
|
|a Применение импульсных электронных пучков в качестве дезинфицирующего агента при обработке сточных вод
|f А. А. Курилова, А. В. Полосков, И. С. Егоров
|g науч. рук. Г. Е. Ремнев
|
| 203 |
|
|
|a Текст
|c электронный
|
| 225 |
1 |
|
|a Рациональное использование минеральных и водных ресурсов
|
| 300 |
|
|
|a Заглавие с титульного экрана
|
| 320 |
|
|
|a [Библиогр.: с. 259 (5 назв.)]
|
| 463 |
|
1 |
|0 (RuTPU)RU\TPU\conf\24481
|t Высокие технологии в современной науке и технике (ВТСНТ-2017)
|o сборник научных трудов VI Международной научно-технической конференции молодых ученых, аспирантов и студентов, г. Томск, 27–29 ноября 2017 г.
|f Национальный исследовательский Томский политехнический университет (ТПУ) ; под ред. А. Н. Яковлева
|v [С. 258-259]
|d 2017
|
| 610 |
1 |
|
|a электронные ресурсы
|
| 610 |
1 |
|
|a труды учёных ТПУ
|
| 610 |
1 |
|
|a импульсные пучки
|
| 610 |
1 |
|
|a электронные пучки
|
| 610 |
1 |
|
|a обезвреживание
|
| 610 |
1 |
|
|a микроорганизмы
|
| 610 |
1 |
|
|a ионизирующее излучение
|
| 700 |
|
1 |
|a Курилова
|b А. А.
|
| 701 |
|
1 |
|a Полосков
|b А. В.
|c физик
|c инженер Томского политехнического университета
|f 1990-
|g Артём Викторович
|3 (RuTPU)RU\TPU\pers\30782
|9 15039
|
| 701 |
|
1 |
|a Егоров
|b И. С.
|c физик
|c научный сотрудник Томского политехнического университета, кандидат технических наук
|f 1985-
|g Иван Сергеевич
|y Томск
|3 (RuTPU)RU\TPU\pers\30622
|9 14903
|
| 702 |
|
1 |
|a Ремнев
|b Г. Е.
|c физик
|c профессор Томского политехнического университета, доктор технических наук
|f 1948-
|g Геннадий Ефимович
|4 727
|
| 712 |
0 |
2 |
|a Национальный исследовательский Томский политехнический университет (ТПУ)
|b Институт физики высоких технологий (ИФВТ)
|b Кафедра высоковольтной электрофизики и сильноточной электроники (ВЭСЭ)
|3 (RuTPU)RU\TPU\col\22618
|
| 801 |
|
2 |
|a RU
|b 63413507
|c 20171220
|g RCR
|
| 856 |
4 |
|
|u http://earchive.tpu.ru/handle/11683/45390
|
| 942 |
|
|
|c BK
|